书目信息 |
| 题名: |
荣格谈人生信仰
|
|
| 作者: | 荣格 著 ;石磊 编译 | |
| 分册: | ||
| 出版信息: | 天津 天津社会科学院出版社 2011.4 |
|
| 页数: | 371页 | |
| 开本: | 21cm | |
| 丛书名: | ||
| 单 册: | ||
| 中图分类: | B84-065 | |
| 科图分类: | ||
| 主题词: | ||
| 电子资源: | ||
| ISBN: | 978-7-80688-654-0 | |
| 000 | 00956nam0 2200253 45 | |
| 001 | 1359723890 | |
| 005 | 20130529082740.40 | |
| 010 | @a978-7-80688-654-0@b精装@dCNY28.00 | |
| 100 | @a20130513d2011 em y0chiy50 ea | |
| 101 | 1 | @achi@cger |
| 102 | @aCN@b120000 | |
| 105 | @aa z 000yy | |
| 106 | @ar | |
| 200 | 1 | @a荣格谈人生信仰@ARong Ge Tan Ren Sheng Xin Yang@f(瑞士)荣格著@F( Rui Shi ) Rong Ge Zhu@g石磊编译 |
| 210 | @a天津@c天津社会科学院出版社@d2011.4 | |
| 215 | @a371页@c图@d21cm | |
| 300 | @a世界大师思想精粹 | |
| 330 | @a本书介绍一个人重要的是他谈论什么,而不是他赞同或不赞同什么。当爱支配一切时,权力就不存在了;当权力主宰一切时,爱就消失了。两者互为对方的影子。思想决定行为,行为决定习惯,习惯决定性格,性格决定命运。 | |
| 600 | 0 | @a荣格,@f1875-1961@x哲学思想 |
| 690 | @aB84-065@v5 | |
| 701 | 0 | @c(瑞士)@a荣格@ARong Ge@4著 |
| 702 | 0 | @a石磊@AShi Lei@4编译 |
| 801 | @aCN@bTANGWEI@c20130522 | |
| 905 | @b0833596-99@dB84-065@e1152@f4 | |
| 荣格谈人生信仰/(瑞士)荣格著/石磊编译.-天津:天津社会科学院出版社,2011.4 |
| 371页:图;21cm |
| 世界大师思想精粹 |
| ISBN 978-7-80688-654-0(精装):CNY28.00 |
| 本书介绍一个人重要的是他谈论什么,而不是他赞同或不赞同什么。当爱支配一切时,权力就不存在了;当权力主宰一切时,爱就消失了。两者互为对方的影子。思想决定行为,行为决定习惯,习惯决定性格,性格决定命运。 |
| ● |
| 相关链接 |
|
|
|
|
正题名:荣格谈人生信仰
索取号:B84-065/1152
 
预约/预借
| 序号 | 登录号 | 条形码 | 馆藏地/架位号 | 状态 | 备注 |
| 1 | 0833596 | 208335960 | 第一样本阅览室/ [索取号:B84-065/1152] | 在馆 | |
| 2 | 0833597 | 208335979 | 第一借阅区/ [索取号:B84-065/1152] | 在馆 | |
| 3 | 0833598 | 208335988 | 第一借阅区/ [索取号:B84-065/1152] | 在馆 | |
| 4 | 0833599 | 208335997 | 第一借阅区/ [索取号:B84-065/1152] | 在馆 |